All 1M+ Cities by Letter - T - Statistics

General Stats
  • This quiz has been taken 268 times
  • The average score is 18 of 30
Answer Stats
Country (State) Population (Millions) City Name % Correct
Taiwan 9.1 Taipei
100%
Iran 15 Tehran
100%
Japan 40.2 Tokyo
100%
Canada 7.4 Toronto
100%
Tunisia 2.625 Tunis
100%
Israel 2.7 Tel Aviv
99%
Florida 4.3 Tampa
97%
Italy 1.64 Turin
97%
Uzbekistan 3.2 Tashkent
96%
Georgia 1.33 Tbilisi
96%
Libya 1.21 Tripoli
96%
China (Municipality) 13.2 Tianjin
89%
Honduras 1.14 Tegucigalpa
87%
France 1.04 Toulouse
85%
Morocco 1.09 Tangier
68%
Mexico 1.95 Tijuana
68%
China (Shanxi) 4.1 Taiyuan
46%
Iran 1.79 Tabriz
44%
Mexico 2.275 Toluca
43%
Taiwan 2.425 Taichung
37%
Taiwan 1.3 Tainan
31%
Mexico 1.35 Torreon
25%
China (Hebei) 2.8 Tangshan
22%
Brazil 1.03 Teresina
22%
Senegal 1.04 Touba
22%
China (Zhejiang) 2.25 Taizhou
16%
China (Shandong) 1.41 Tai'an
15%
India (Tamil Nadu) 1.19 Tiruchirappalli
14%
India (Tamil Nadu) 1.35 Tiruppur
13%
China (Shandong) 1.03 Tengzhou
7%
No matching quizzes found
Score Distribution
Percent of People with Each Score
Percentile by Number Answered
Your Score History
You have not taken this quiz